[Event "Tata Steel-A 80th"]
[Site "Wijk aan Zee"]
[Date "2018.01.13"]
[Round "1"]
[White "Anand, Viswanathan"]
[Black "Matlakov, Maxim"]
[Result "1-0"]
[WhiteElo "2767"]
[BlackElo "2718"]
[Annotator "Fernandez,D"]
[PlyCount "105"]
[EventDate "2018.01.13"]
[EventType "tourn"]
[EventRounds "13"]
[EventCountry "NED"]
[EventCategory "20"]
[SourceTitle "CBM 183"]
[Source "ChessBase"]
[SourceDate "2018.03.14"]
[SourceVersion "1"]
[SourceVersionDate "2018.03.14"]
[SourceQuality "1"]
[TimeControl "40/5400+30:1800+30"]

1. e4 {[%emt 0:00:00]} e5 {[%emt 0:00:00]} 2. Nf3 {[%emt 0:00:00]} Nc6 {
[%emt 0:00:00]} 3. Bb5 {[%emt 0:00:00]} a6 {[%emt 0:00:00]} 4. Ba4 {[%emt 0:00:
00]} Nf6 {[%emt 0:00:00]} 5. d3 {[%emt 0:00:00]} b5 {[%emt 0:00:00]} 6. Bb3 {
[%emt 0:00:00]} Bc5 {[%emt 0:00:00]} 7. c3 {[%emt 0:00:00]} d6 {[%emt 0:03:54]
Black should play this sooner or later. The alternative is essentially ...d5,
which is double-edged in the Italian and probably borderline suicidal now
Black has played ...b5.} 8. Bg5 {[%emt 0:00:00]} h6 {[%emt 0:04:28]} 9. Bh4 {
[%emt 0:00:00]} g5 {[%emt 0:18:01]} 10. Bg3 {[%emt 0:00:00] We will not be
getting a repeat of the various 'draw lines' Anand has played which involve
sacrifices on g5 against a castled king, and then perpetual check...} Ba7 {
[%emt 0:00:27]} (10... Bb6 {may keep marginally more options open, including
contesting the a-file 'properly'.} 11. Nbd2 O-O 12. Qe2 Ne7 {and now} 13. d4
Ng6 $5 $132 {Alekseev,E-Predke,A Kaliningrad 2015, was an interesting and
ultimately successful pawn sacrifice.}) 11. Nbd2 {[%emt 0:00:15]} Na5 {[%emt 0:
04:55]} 12. Bc2 {[%emt 0:07:08]} Nh5 {[%emt 0:00:55] We are now in new
territory, and Black is playing extremely inventively. However, Anand is not
to be outdone.} 13. a4 $5 {[%emt 0:02:53] Highlighting a problem with ...Ba7,
but at the same time committing to playing the sacrifice that follows. White
is playing maximalist chess.} (13. b4 {DF} Nc6 14. a4 $132 {might have been a
more normal way to play.}) 13... b4 {[%emt 0:04:12]} 14. cxb4 {[%emt 0:06:43]}
Nc6 {[%emt 0:02:01]} 15. b5 {[%emt 0:00:22]} Nb4 {[%emt 0:02:05]} 16. Nc4 {
[%emt 0:03:49]} (16. O-O $6 {may be possible, but is a bit wet and White does
not have the fun after} Nxg3 17. hxg3 h5 $44) 16... Nxg3 {[%emt 0:08:39]} 17.
hxg3 {[%emt 0:01:12]} g4 {[%emt 0:11:04] Black commits!} (17... axb5 18. axb5
Bxf2+ $2 {does not work immediately as Black's knight lacks proper access to
d4.} 19. Kxf2 Rxa1 20. Qxa1 Nxc2 21. Qa4 $1 $16) (17... Bc5 $44 {was still
possible, looking for compensation - I am reasonably sure it is sufficient.})
18. Nh4 {[%emt 0:09:07]} axb5 {[%emt 0:01:48]} 19. axb5 {[%emt 0:01:21]} Bxf2+
{[%emt 0:01:56]} 20. Kxf2 {[%emt 0:00:09]} Rxa1 {[%emt 0:00:08]} 21. Qxa1 {
[%emt 0:00:10]} Nxc2 {[%emt 0:00:16]} 22. Qa4 {[%emt 0:03:23] White had
presumably envisaged this position up to ten moves in advance and liked his
practical chances. White's knights hop around in pleasing ways near the black
king, while White's kingside construction with the h4-knight and (soon to be)
h2-king is watertight.} Qf6+ {[%emt 0:04:00]} (22... Nd4 23. b6+ Kf8 24. bxc7
Qxc7 $11 {was also interesting, but the d6-pawn is weak.}) 23. Kg1 {[%emt 0:08:
04]} Nd4 {[%emt 0:01:21]} 24. b6+ {[%emt 0:02:43]} Bd7 {[%emt 0:10:24]} 25. Qd1
{[%emt 0:00:30]} cxb6 {[%emt 0:00:08]} 26. Kh2 {[%emt 0:02:56] Reaching a
position which is only ever going to be hard for Black to play.} O-O {[%emt 0:
02:11]} (26... b5 27. Rf1 Qe7 28. Ne3 {gives White either the d5-square or
g4-pawn}) 27. Rf1 {[%emt 0:00:37]} Qg5 $6 {[%emt 0:04:21] A minor inaccuracy,
giving up the wrong pawn, and White's moves just keep playing themselves.} (
27... Qe7 28. Ne3 Qg5 $1 {was the right time to place the queen here. Now} 29.
Nhf5 Bxf5 30. Nxf5 Qh5+ 31. Kg1 Nxf5 32. Rxf5 Qg6 $11 {could follow, when
White's position is still easier but his king has lost its bomb shelter.}) 28.
Nxd6 $14 {[%emt 0:00:14]} Be6 {[%emt 0:00:29]} 29. Nhf5 {[%emt 0:01:05]} Nxf5
$6 {[%emt 0:05:07]} (29... Rd8 30. Nxd4 Rxd6 31. Nxe6 Rxe6 32. Rf5 Qg6 33. Qb3
$14 {is similar to the last note but with White having better co-ordination.
Still, this was an interesting try, not least because Black can now try and do
'nothing' e.g. ...Re8 and ...Qe6, and try to complete the fortress with ...
Kh7-g6 and ...h5.}) 30. exf5 {[%emt 0:06:17]} Bd5 {[%emt 0:00:07]} 31. Qe2 $1 {
[%emt 0:01:34]} Qf6 {[%emt 0:05:45]} (31... f6 32. d4 {is a slightly
non-obvious point until you reach the position itself, whereupon it becomes
clear that White's rook needs to be on f4, and simultaneously one sees how to
accomplish this.}) 32. Qxg4+ {[%emt 0:02:12]} Kh7 {[%emt 0:00:15]} 33. Ne4 {
[%emt 0:00:54]} Bxe4 {[%emt 0:00:03]} 34. dxe4 {[%emt 0:02:59]} Rd8 {[%emt 0:
03:07]} 35. Rc1 $16 {[%emt 0:11:40] This is now a truly thankless position as
the fortress tries will never quite work and the rook ending is lost. White
just plays with ideas for a few moves until he works out what he wants to do.}
Rd4 {[%emt 0:04:08]} 36. Rc7 {[%emt 0:08:10]} Rb4 {[%emt 0:00:10]} 37. Qe2 {
[%emt 0:01:05]} Kg7 {[%emt 0:00:54]} 38. Rc8 {[%emt 0:07:37]} Qg5 {[%emt 0:00:
55]} 39. Rc6 {[%emt 0:01:01]} Rb3 {[%emt 0:00:38]} 40. Rc3 {[%emt 0:00:00]} Rb4
{[%emt 0:00:00]} 41. b3 {[%emt 0:00:00]} Rd4 {[%emt 0:00:00]} 42. Rc6 {[%emt 0:
00:00]} Rb4 {[%emt 0:00:00]} 43. Qf3 {[%emt 0:00:00]} Kh7 {[%emt 0:00:00]} 44.
Rd6 {[%emt 0:00:00]} Kg7 {[%emt 0:00:00]} 45. Rd5 {[%emt 0:00:00] Now White's
rook is the centralised one!} Qf6 {[%emt 0:00:00]} 46. Kg1 {[%emt 0:00:40]} Kh7
{[%emt 0:02:50]} 47. Qd3 {[%emt 0:02:20]} Kg7 {[%emt 0:01:54]} 48. Kf2 {
[%emt 0:04:54]} Rd4 $2 {[%emt 0:12:00] Understandable in view of the various
rook-trap motifs White has, but the last try was to wait for Qc3 before doing
this, so that the recapture would come with tempo and then Black might get a
good square like e3 or e5 for his queen.} (48... Qe7 {DF} 49. Kf3 Qf6 50. Qc3
Rd4 51. Rxd4 exd4 52. Qd3 Qd6 $16 {is for instance not that much better for
White.}) 49. Rxd4 {[%emt 0:01:11]} exd4 {[%emt 0:00:04]} 50. Qb5 {[%emt 0:00:
22]} Qd8 {[%emt 0:02:09]} 51. Qd5 {[%emt 0:02:42]} Qf6 {[%emt 0:01:24]} 52. g4
{[%emt 0:04:30]} Kg8 {[%emt 0:00:37]} 53. Kf3 {[%emt 0:03:32] Black had no
desire to play out the queen ending, especially since e5 will win a further
pawn.} 1-0

[Event "Tata Steel-A 80th"]
[Site "Wijk aan Zee"]
[Date "2018.01.13"]
[Round "1"]
[White "Carlsen, Magnus"]
[Black "Caruana, Fabiano"]
[Result "1/2-1/2"]
[WhiteElo "2834"]
[BlackElo "2811"]
[Annotator "Fernandez,D"]
[PlyCount "80"]
[EventDate "2018.01.13"]
[EventType "tourn"]
[EventRounds "13"]
[EventCountry "NED"]
[EventCategory "20"]
[SourceTitle "CBM 183"]
[Source "ChessBase"]
[SourceDate "2018.03.14"]
[SourceVersion "1"]
[SourceVersionDate "2018.03.14"]
[SourceQuality "1"]
[TimeControl "40/5400+30:1800+30"]

1. e4 {[%emt 0:00:00]} e5 {[%emt 0:00:00]} 2. Nf3 {[%emt 0:00:00]} Nf6 {
[%emt 0:00:00]} 3. Nxe5 {[%emt 0:00:00]} d6 {[%emt 0:00:00]} 4. Nf3 {[%emt 0:
00:00]} Nxe4 {[%emt 0:00:00]} 5. Qe2 {[%emt 0:00:00] A minor choice, generally
renowned for leading to a drawish ending.'} Qe7 {[%emt 0:00:00]} 6. d3 {
[%emt 0:00:00]} Nf6 {[%emt 0:00:00]} 7. Nc3 {[%emt 0:00:00]} Qxe2+ {[%emt 0:06:
40]} 8. Bxe2 {[%emt 0:00:00]} g6 {[%emt 0:00:12]} ({On schematic grounds, I
might have preferred} 8... c6 {[%csl Rc3] to close off all options of Nb5 and
'dominate' the c3-knight. The followup could then be ...d5 and ...Bg4, with
the idea of trying to exchange the light-squared bishop for anything, and
exchange the pair of dark-squared bishops.}) 9. Nd4 {[%emt 0:05:37]} a6 {
[%emt 0:04:25]} 10. Bf4 {[%emt 0:05:06] Now this pressures the d6-pawn, so as
to prevent ...c6 following a fianchetto. Black has little choice but to play ..
.Nc6 one way or another, and he will be left with doubled pawns.'} Bg7 {
[%emt 0:00:33]} (10... Nbd7 {is the maximalist move, trying to prevent Bf3
altogether.}) 11. h3 {[%emt 0:00:43]} Bd7 {[%emt 0:06:15]} 12. Bf3 {[%emt 0:00:
36]} Nc6 {[%emt 0:00:15]} 13. Nxc6 {[%emt 0:00:14]} Bxc6 {[%emt 0:00:05]} 14.
Bxc6+ {[%emt 0:00:13]} bxc6 {[%emt 0:00:06]} 15. O-O-O {[%emt 0:00:50]} Kd7 {
[%emt 0:06:33] Objectively, there is nothing whatsoever wrong with Black's
position, and as long as one doesn't get carried away with premonitions of
White kings appearing on a5 after the rooks come off (echoes of Rubinstein)
then it is also easy enough to play.'} 16. Rhe1 {[%emt 0:01:14]} Rhe8 {[%emt 0:
04:33]} 17. Ne4 {[%emt 0:00:42]} (17. Bd2 {[%cal Ge1e8,Gd1e1] may have been
wisest, focusing on the task of exchanging all the rooks as quickly as
possible and then placing pawns on light squares.}) 17... Nd5 {[%emt 0:07:57]}
(17... Nxe4 18. dxe4 Re6 19. f3 Rae8 20. Bd2 {[%cal Gc2c4,Gc1c2] is also fine
but now White's moves are definitely easier to find, starting with c4, Kc2, b3.
}) 18. Bd2 {[%emt 0:00:11]} f5 {[%emt 0:02:42]} 19. Ng5 {[%emt 0:00:11]} h6 {
[%emt 0:00:09]} 20. Nf3 {[%emt 0:00:09]} g5 {[%emt 0:04:07]} 21. c3 {[%emt 0:
02:59]} c5 {[%emt 0:07:56]} 22. Kc2 {[%emt 0:02:16]} Bf6 {[%emt 0:00:30]} ({
The computer wants} 22... a5 {but it can never be good to allow this pawn to
be fixed.}) 23. Rxe8 {[%emt 0:01:08]} Rxe8 {[%emt 0:01:29]} 24. Re1 {[%emt 0:
00:11]} Rf8 {[%emt 0:05:21]} 25. Rh1 {[%emt 0:01:51]} Re8 {[%emt 0:06:55]} 26.
g3 {[%emt 0:01:59]} g4 {[%emt 0:09:09]} 27. Ng1 {[%emt 0:00:38]} Bg5 {[%emt 0:
00:14]} 28. Kd1 {[%emt 0:06:20]} a5 {[%emt 0:11:46]} 29. Ne2 {[%emt 0:02:30]
One of several acceptable moves.} (29. a4 Rb8 $1 $15 {was the point and White
is being stretched a bit thin.}) 29... a4 {[%emt 0:00:13]} (29... Rb8 $5 30. b3
a4 31. Bxg5 hxg5 {is a little bit testing, perhaps}) 30. Bxg5 {[%emt 0:05:53]}
hxg5 {[%emt 0:00:15]} 31. hxg4 {[%emt 0:00:09]} fxg4 {[%emt 0:00:04]} 32. Rh5 {
[%emt 0:00:22]} Re5 {[%emt 0:01:40]} 33. Rh7+ {[%emt 0:00:31]} Ke6 {[%emt 0:07:
59]} 34. a3 {[%emt 0:13:54]} (34. d4 {screams out to be played, but there is
nothing much going on here either:} Rf5 35. c4 Nb6 36. b3 axb3 37. axb3 Rf3 $11
{Nevertheless, this was marginally safer for White than the game.}) 34... Rf5 {
[%emt 0:00:09]} 35. c4 {[%emt 0:02:06]} Nf6 {[%emt 0:05:21]} 36. Rh2 {[%emt 0:
00:45] It looks slightly dangerous to a human to allow ...Rxf2, because ...
Nd7-e5 with pressure will follow soon.'} Rf3 {[%emt 0:00:52]} 37. Kc2 {[%emt 0:
00:51]} Nd7 {[%emt 0:00:45]} 38. d4 {[%emt 0:05:54] Else White is in very
obvious difficulties.} Nb6 {[%emt 0:00:17]} (38... Rf5 {is a sensible engine
suggestion; this keeps a bit of pressure by not clarifying the situation of
the d4-pawn.} 39. Kd3 (39. Rh7 Nb6 40. dxc5 Rxc5 $36) 39... Rf7 {An engine
move; what was your first clue?} 40. Rh6+ $6 Ke7 41. Rh2 cxd4 42. Nxd4 Ne5+ 43.
Kc3 c5 $15) 39. dxc5 {[%emt 0:00:42]} dxc5 {[%emt 0:00:07]} 40. Nc3 {[%emt 0:
00:00]} Ke5 (40... Ke5 {[%emt 0:00:00]} {Presumably the expected continuation
was:} 41. Nd1 {[%emt 0:00:00]} Nxc4 42. Rh5 Kd4 43. Rxg5 Ne5 44. Rg7 {when
White is completely out of the woods.}) 1/2-1/2

[Event "Tata Steel-A 80th"]
[Site "Wijk aan Zee"]
[Date "2018.01.13"]
[Round "1"]
[White "Giri, Anish"]
[Black "Hou, Yifan"]
[Result "1-0"]
[WhiteElo "2752"]
[BlackElo "2680"]
[Annotator "Fernandez,D"]
[PlyCount "127"]
[EventDate "2018.01.13"]
[EventType "tourn"]
[EventRounds "13"]
[EventCountry "NED"]
[EventCategory "20"]
[SourceTitle "CBM 183"]
[Source "ChessBase"]
[SourceDate "2018.03.14"]
[SourceVersion "1"]
[SourceVersionDate "2018.03.14"]
[SourceQuality "1"]

1. e4 {[%emt 0:00:00]} e5 {[%emt 0:00:00]} 2. Nf3 {[%emt 0:00:00]} Nf6 {
[%emt 0:00:00]} 3. Nxe5 {[%emt 0:00:00]} d6 {[%emt 0:00:00]} 4. Nf3 {[%emt 0:
00:00]} Nxe4 {[%emt 0:00:00]} 5. Nc3 {[%emt 0:00:00] To my mind, a fairly
underestimated line, and the reason I don't often play the Petroff now.} (5. c4
{is an interesting attempt at playing move orders, but I think Black is
considered to be fine after} Nc6 $11) (5. d4 {is the main move.}) (5. Qe2 {
was the first game, Carlsen-Caruana.}) 5... Nxc3 {[%emt 0:00:00]} (5... Nf6 {
would have been an interesting choice against Giri, considering he has
championed the Black side. From what I understand, the point for White is to
avoid the impulse to play too early against the c8-bishop, because that will
simply encourage a fianchetto and Black will be fine.} 6. d4 Be7 7. Bd3 O-O 8.
O-O Re8 9. Re1 $1 {The point of this is to force Black to commit his
light-squared bishop one way or another. Even moves that do not obviously do
this - such as ...d5 - really do make a decision, because they make the
fianchetto rather undesirable. White can play against either ...Bg4 or ...b6,
but should do so in different ways and definitely should not commit to h3 just
yet.} ({Following the immediate} 9. h3 b6 $1 {Vachier Lagrave,M-Giri,A Germany
2012, and Black was soon fine.}) 9... Nbd7 10. Bf4 {White is slightly better,
for instance} Nf8 11. h3 b6 12. Bb5 Bd7 13. a4 $14) 6. dxc3 {[%emt 0:00:00]}
Be7 {[%emt 0:00:00]} 7. Be3 {[%emt 0:00:00] The choice is between this move
and Bf4. The current move allows Black lots of ...Ne5 possibilities, which I
believe he should take.} (7. Bf4 {meanwhile does not gel so well with the rest
of White's kingside attack.} O-O 8. Bd3 Nd7 9. Qd2 Nc5 $11 {for instance seems
fine for Black.}) 7... Nc6 {[%emt 0:00:00]} 8. Bd3 {[%emt 0:00:00]} Be6 {
[%emt 0:00:00] White should play one of the queen moves and then castle
queenside, and I think given that White has played Be3, Black should castle
queenside too. No surprise then that the present game continued in that way.}
9. Qe2 {[%emt 0:00:00]} (9. Qd2 Qd7 {was similar enough and a game of mine:
Jackson-Fernandez, Coventry 2013.}) 9... Bf6 {[%emt 0:04:53]} 10. O-O-O {
[%emt 0:00:00]} Qe7 {[%emt 0:01:39]} (10... Qd7 {is more natural to me, not
worrying about White's Ng5 ideas, but more concerned with cuing up ...Bf5 in
future.}) 11. Kb1 {[%emt 0:05:03]} a6 {[%emt 0:13:52]} 12. Rhe1 {[%emt 0:05:47]
} O-O-O {[%emt 0:05:42]} 13. h3 {[%emt 0:24:30]} Rhe8 {[%emt 0:14:54]} (13...
h5 {is trivially easy to recommend in hindsight, but it should have been
reasonably obvious that White wanted kingside space.}) 14. g4 {[%emt 0:08:40]}
h6 {[%emt 0:05:19]} 15. Nd2 $1 $14 {[%emt 0:02:37] Now White is probably a
tiny bit better, but obviously an incredible amount of technique and further
errors need to be played out over the board before White can think about
winning.} Bg5 {[%emt 0:18:20]} 16. f4 {[%emt 0:08:04]} Bh4 {[%emt 0:00:05]} 17.
Bf2 {[%emt 0:00:09]} Bxf2 {[%emt 0:00:07]} 18. Qxf2 {[%emt 0:00:03]} Qf8 {
[%emt 0:00:05]} 19. f5 {[%emt 0:21:05] Opting to set Black more direct
problems, but ceding the e5-square. While I am not sure this is the best
continuation, it could be the most practical, especially against slightly
lower-rated opposition.} (19. Nf1 {seems more natural to me, waving the idea
of Ng3-h5 around.}) 19... Bd7 {[%emt 0:00:07]} 20. f6 {[%emt 0:00:25]} g6 {
[%emt 0:09:21]} (20... Rxe1 21. Rxe1 g5 $11) 21. Be4 {[%emt 0:00:09]} Kb8 {
[%emt 0:02:43]} 22. Nc4 {[%emt 0:00:09]} Re6 $6 {[%emt 0:04:31] In practical
terms, another slight mistake. We obtain a similar structure to
Carlsen-Caruana, but with the minor pieces off the board Black faces more
difficulties.} 23. Bxc6 $1 {[%emt 0:04:11]} Rxe1 {[%emt 0:05:06]} 24. Rxe1 {
[%emt 0:00:11]} Bxc6 {[%emt 0:00:01]} 25. Na5 {[%emt 0:01:00]} Re8 {[%emt 0:01:
43]} 26. Nxc6+ {[%emt 0:00:26]} bxc6 {[%emt 0:00:06]} 27. Qg3 {[%emt 0:07:17]
The engine evaluation of 0.00 is hopelessly unhelpful for looking at this
position. What is important is that White is marginally more active and has a
better structure and advanced f6-pawn. Giving variations is slightly pointless
here, so I shall try and confine myself to comments only.} Qh8 {[%emt 0:03:55]}
28. Re7 {[%emt 0:01:36]} Rxe7 {[%emt 0:00:06]} 29. fxe7 {[%emt 0:00:03]} Qe8 {
[%emt 0:00:38]} 30. Qe3 {[%emt 0:02:50]} Kc8 {[%emt 0:02:23]} 31. h4 {[%emt 0:
06:10]} Kd7 {[%emt 0:06:22]} 32. Qxh6 {[%emt 0:00:07]} Qxe7 {[%emt 0:00:02]}
33. b3 $14 {[%emt 0:01:45] White will be able to fix the f7-pawn and of course
a6 is still a weakness also. Doubtless this endgame will be discussed for a
while to come, including fortress possibilities and better White tries, but
the contours of what White must aim for are now clear.} Qe4 {[%emt 0:02:04]}
34. g5 {[%emt 0:03:23]} Qe5 {[%emt 0:00:54]} 35. Qf8 {[%emt 0:00:49]} Qd5 {
[%emt 0:01:48]} 36. Kb2 {[%emt 0:00:15]} c5 {[%emt 0:00:38]} 37. Qg8 {[%emt 0:
00:32]} Qf3 {[%emt 0:00:35]} 38. Qf8 {[%emt 0:00:52]} Qd5 {[%emt 0:00:07]} 39.
Qg7 {[%emt 0:00:40]} Qf5 {[%emt 0:00:30]} 40. Qg8 {[%emt 0:00:00]} Qf3 {
[%emt 0:00:00]} 41. a4 {[%emt 0:00:00]} Qf1 {[%emt 0:00:03]} 42. Qf8 {[%emt 0:
00:00]} Qf5 {[%emt 0:10:37]} 43. Qa8 {[%emt 0:00:00]} Qf1 {[%emt 0:00:04]} 44.
Qe4 {[%emt 0:06:36] Again, in human terms White has acheived something else -
the centralisation of his queen. Black must wait around until White shows what
the next stage of his plan is - though presumably it must be b4.} Kd8 {[%emt 0:
02:49]} 45. Qg4 {[%emt 0:03:51] A mini-zugzwang.} d5 {[%emt 0:03:37]} 46. a5 $1
{[%emt 0:10:26]} Qe1 {[%emt 0:04:21]} 47. h5 {[%emt 0:07:33] This simplifies
Black's task a little bit, but does not completely give equality.} (47. Qf4 Qe6
48. Qf2 Qe7 49. Qf1 Qe6 50. b4 $14 {is another try}) 47... gxh5 {[%emt 0:00:13]
} 48. Qxh5 {[%emt 0:00:03]} Qe6 {[%emt 0:01:15]} 49. Qh8+ {[%emt 0:00:24]} Ke7
{[%emt 0:02:36]} 50. b4 {[%emt 0:01:18]} cxb4 {[%emt 0:02:55]} 51. cxb4 {
[%emt 0:00:03]} Kd7 $11 {[%emt 0:00:06]} 52. Qd4 {[%emt 0:01:23]} Kc8 {[%emt 0:
01:15]} 53. Qf6 $5 {[%emt 0:02:59] Even the pawn endgame retains certain
practical difficulties and would be an ideal candidate for the next Naiditsch
book.} Qxf6+ {[%emt 0:07:00]} 54. gxf6 {[%emt 0:00:01]} Kd7 {[%emt 0:00:59]}
55. Kb3 {[%emt 0:02:39]} Kc6 $4 {[%emt 0:00:40] My educated guess is that this
move arose out of a desire to win a moral battle for tempi. Against 55.Kc3
Black had ...Kd6 in mind, and so it was natural to try and avoid that
'critical square' with the present move... Well, we may never know.} ({Black
had to play} 55... Kd6 $1 {to draw, and the idea is of course ...c5.} 56. c4 (
56. Ka4 c6 57. Kb3 c5 $11) 56... c5 $1 57. b5 d4 58. b6 Kc6 59. Kc2 $11 {
Both kings are stuck.}) 56. c4 {[%emt 0:00:43] Suddenly White is completely
winning.} d4 {[%emt 0:00:43]} (56... dxc4+ 57. Kxc4 Kd6 58. b5 axb5+ 59. Kxb5
Kd7 60. a6 Kc8 61. Kc6 Kb8 62. a7+ {is even more trivial}) 57. Kc2 {[%emt 0:00:
22]} Kd6 {[%emt 0:00:03]} 58. Kd2 $3 {[%emt 0:00:48] Amazing tempo play, but
stereotyped enough.The idea is that only after Black recaptures on c5 must
White play Kd3! as that position is a mutual zugzwang.} (58. Kd3 c5 {is once
again a draw.}) 58... c6 {[%emt 0:00:42]} 59. Ke2 {[%emt 0:00:18] Avoiding the
d3-square for the last time.} Kd7 {[%emt 0:00:50]} (59... Ke5 60. b5 $18) (
59... c5 60. bxc5+ Kc6 (60... Kxc5 61. Kd3) 61. Kd2 $1 Kxc5 62. Kd3 $18) 60.
Kd3 {[%emt 0:00:00]} Kc7 {[%emt 0:00:00]} 61. Kxd4 {[%emt 0:00:00]} Kd6 {
[%emt 0:00:00]} 62. Kd3 {[%emt 0:00:00]} Kc7 {[%emt 0:00:00]} 63. Ke4 {[%emt 0:
00:00]} Kd6 {[%emt 0:00:00]} 64. Kd4 {Not an undeserved victory, but a
slightly surprising one.} 1-0